Fundamentals of Fluid Mechanics / (Record no. 796)

MARC details
000 -LEADER
fixed length control field 00712nac a22002051u 4500
008 - FIXED-LENGTH DATA ELEMENTS--GENERAL INFORMATION
fixed length control field 100908t xxu||||| |||| 00| 0 eng d
010 ## - LIBRARY OF CONGRESS CONTROL NUMBER
LC control number 97020666
020 ## - INTERNATIONAL STANDARD BOOK NUMBER
International Standard Book Number 047135502X
082 00 - DEWEY DECIMAL CLASSIFICATION NUMBER
Classification number 620.106
Item number MUN
100 ## - MAIN ENTRY--PERSONAL NAME
Personal name Munson, Bruce Roy,
9 (RLIN) 18778
245 10 - TITLE STATEMENT
Title Fundamentals of Fluid Mechanics /
Statement of responsibility, etc Bruce R. Munson, Donald F. Young, Theodore H. Okiishi.
250 ## - EDITION STATEMENT
Edition statement 3rd ed.,
Remainder of edition statement Updated
260 ## - PUBLICATION, DISTRIBUTION, ETC. (IMPRINT)
Place of publication, distribution, etc New York :
Name of publisher, distributor, etc Wiley,
Date of publication, distribution, etc c1998.
300 ## - PHYSICAL DESCRIPTION
Extent xvii, 877 p. :
Other physical details ill. ;
Dimensions 26 cm.
504 ## - BIBLIOGRAPHY, ETC. NOTE
Bibliography, etc Includes bibliographical references and index.
650 #0 - SUBJECT ADDED ENTRY--TOPICAL TERM
Topical term or geographic name as entry element Fluid mechanics.
9 (RLIN) 18779
700 1# - ADDED ENTRY--PERSONAL NAME
Personal name Young, Donald F.
9 (RLIN) 18780
700 1# - ADDED ENTRY--PERSONAL NAME
Personal name Okiishi, T. H.
Fuller form of name (Theodore Hisao),
Dates associated with a name 1939-
9 (RLIN) 18781
942 ## - ADDED ENTRY ELEMENTS (KOHA)
Item type Book - Borrowing
Call number prefix 620.106MUN
Source of classification or shelving scheme Dewey Decimal Classification
Holdings
Withdrawn status Item status Source of classification or shelving scheme Damaged status Not for loan Vendor Home library Current library Shelving location Date acquired Source of acquisition Cost, normal purchase price Total Checkouts Total Renewals Full call number Barcode Date last seen Date last borrowed Cost, replacement price Koha item type
    Dewey Decimal Classification       Central Library Central Library First floor 08/09/2010   275.00 6 17 620.106 MUN 000003777 15/07/2025 03/11/2015 343.75 Book - Borrowing
    Dewey Decimal Classification       Central Library Central Library First floor 13/09/2010   275.00 5 12 620.106 MUN 000000137 15/07/2025 28/12/2016 343.75 Book - Borrowing
    Dewey Decimal Classification       Central Library Central Library First floor 09/05/2010   275.00     620.106 MUN 000006862 24/08/2022   343.75 CD | DVD - With book